| 000 | 00440nam a2200145Ia 4500 | ||
|---|---|---|---|
| 008 | 200626s9999 xx 000 0 und d | ||
| 020 | _a978-007-128945-0 | ||
| 100 | _aMilkovich, George T. | ||
| 245 |
_cGeorge T. Milkovich, Jerry M. Newman, Barry Gerhart.-- _aCompensation/ |
||
| 250 | _a10th ed. | ||
| 260 |
_aNew York: _bMcGrawHill _c2011 |
||
| 300 | _axviii, 687 pages | ||
| 500 | _aIncludes Index | ||
| 650 | _aCompensation management. | ||
| 999 |
_c363784 _d363784 |
||